| 000 | 00496cam a22001932a 4500 | ||
|---|---|---|---|
| 001 | 015132 | ||
| 003 | AR-FADEU | ||
| 008 | 311216n1950####xxu####################dd | ||
| 092 |
_a801.93 _bS383 |
||
| 100 | _aSchücking, Levin L. | ||
| 245 | _aEl gustor literario | ||
| 260 | _aMéxico | ||
| 260 | _bFondo de cultura económica | ||
| 260 | _c1950 | ||
| 300 | _a136 p. | ||
| 440 | _aBreviarios | ||
| 650 | _a/LITERATURA/ESTETICA LITERARIA; LITERATURA Y SOCIEDAD/REVISADO/ | ||
| 942 | _cBDGR | ||
| 999 |
_c20890 _d20890 |
||